000
00319nam a22001337a 4500
008
180312b xxu||||| |||| 00| 0 eng d
020
_a
9780803988538
041
_a
eng
080
_a
37
100
_a
25
101
_a
EDU
245
_a
Evaluating social science research an introduction
_c
Black,Th.R
942
_2
udc
_c
BK
999
_c
44792
_d
44792